مكتبة جامعة عجلون الوطنية

فهرس بحث المكتبة

دور نظم المعلومات الإدارية المحوسبة في صنع القرارات الإدارية : دراسة في بنك الإسكان للتجارة والتمويل = The Role of Computer-Based Information Systems (CBIS) in Decision- Making (Record no. 29173)

MARC details
000 -LEADER
fixed length control field 01123nam a2200193Ii 4500
003 - CONTROL NUMBER IDENTIFIER
control field JO-AjNU
008 - FIXED-LENGTH DATA ELEMENTS--GENERAL INFORMATION
fixed length control field 230605s9999||||xx |||||||||||||| ||und||
040 ## - CATALOGING SOURCE
Original cataloging agency JO-AjNU
Language of cataloging ara
Description conventions rda
Transcribing agency JO-AjNU
041 ## - LANGUAGE CODE
Language code of text/sound track or separate title ara
050 14 - LIBRARY OF CONGRESS CALL NUMBER
Classification number HD30.2 2003
100 3# - MAIN ENTRY--PERSONAL NAME
Personal name إعداد المشاقبة، زياد محمد؛ اشراف رفعت الفاعوري,
Relator term author
9 (RLIN) 57175
245 00 - TITLE STATEMENT
Title دور نظم المعلومات الإدارية المحوسبة في صنع القرارات الإدارية : دراسة في بنك الإسكان للتجارة والتمويل = The Role of Computer-Based Information Systems (CBIS) in Decision- Making
264 31 - PRODUCTION, PUBLICATION, DISTRIBUTION, MANUFACTURE, AND COPYRIGHT NOTICE
Place of production, publication, distribution, manufacture اربد: جامعة اليرموك-كلية الاقتصاد والعلوم الادارية، 2003
300 ## - PHYSICAL DESCRIPTION
Extent 164ص
Other physical details رسالة جامعية، جامعة اليرموك-كلية الاقتصاد والعلوم الادارية، 2003
336 ## - CONTENT TYPE
Content type term text
Content type code txt
Source rdacontent
337 ## - MEDIA TYPE
Media type term unmediated
Media type code n
Source rdamedia
338 ## - CARRIER TYPE
Carrier type term volume
Carrier type code nc
Source rdacarrier
650 #4 - SUBJECT ADDED ENTRY--TOPICAL TERM
Topical term or geographic name entry element نظم المعلومات الادارية- اتخاذ القرارات- معالجة البيانات
9 (RLIN) 57176
Holdings
Withdrawn status Lost status Source of classification or shelving scheme Damaged status Not for loan Home library Current library Shelving location Date acquired Total Checkouts Full call number Barcode Date last seen Price effective from Koha item type
    Library of Congress Classification     مكتبة جامعة عجلون الوطنية مكتبة جامعة عجلون الوطنية المراجع 06/06/2023   HD30.2 2003 A25605 06/06/2023 06/06/2023 Reference